000 00463nam a2200181Ia 4500
001 20942
005 20260306172843.0
008 260306t2014||||xx |||||||||||||| ||spa||
041 _aESP
082 _a343.8C6
_bI49
100 _aSuperintendencia Nacional de Aduanas y Administración Tributaria
_eAUT
245 0 _aCódigo tributario
260 _c2014
300 _a281 páginas :
_c24 cm.
650 _aGEN
654 _aCCO
942 _cLIB
_dJUS
_fJUS
_2ddc
_n
999 _c20942
_d20942